00708nam a2200217 i 4500001000300000003000400003005001700007008003900024040000800063041000800071080001000079080001200089100003600101245012900137250001600266260002000282655003000302650002000332700004000352856009800392bgBPK20200728092022.0 s1974 pl f f |000 0 pol cBPK apol a621.3 a(075.8)1 aKrakowski, Maciejd(1924-2004). 0aPodstawy elektrotechniki:bdla studentów studium wieczorowego i zaocznego.nCz. 1 /cMaciej Krakowski, Andrzej Koszmider.  aWyd.3 popr. aŁódz,c1973. aPodręczniki akademickie 4aElektrotechnika1 aKoszmider, Andrzejd(1935- )eAutor uhttp://koha.tu.koszalin.pl/cgi-bin/koha/opac-detail.pl?biblionumber=25843yKatalog online BPK